Los coros de catedrales y monasterios (Record no. 1026)
[ view plain ]
| 000 -CABECERA | |
|---|---|
| campo de control de longitud fija | 01168nam a2200265 a 4500 |
| 001 - NÚMERO DE CONTROL | |
| campo de control | BRCA_1149 |
| 005 - FECHA Y HORA DE LA ÚLTIMA TRANSACCIÓN | |
| campo de control | 20190320203313.0 |
| 008 - DATOS DE LONGITUD FIJA--INFORMACIÓN GENERAL | |
| campo de control de longitud fija | 020205s2001 sp-a---##b---#100-0#spa-# |
| 020 ## - NÚMERO INTERNACIONAL ESTÁNDAR DEL LIBRO | |
| Número Internacional Estándar del Libro | 8489748977 |
| 040 ## - FUENTE DE LA CATALOGACIÓN | |
| Centro catalogador/agencia de origen | DLC |
| Centro/agencia transcriptor | DLC |
| 050 #4 - SIGNATURA TOPOGRÁFICA DE LA BIBLIOTECA DEL CONGRESO | |
| Número de clasificación | NA5075 |
| Número de documento/Ítem | .C67 2001 |
| 245 10 - MENCIÓN DE TÍTULO | |
| Título | Los coros de catedrales y monasterios |
| Resto del título | arte y liturgia : actas del simposio organizado por la Fundación Pedro Barrié de la Maza en A Coruña, 6-9 de septiembre de 1999 |
| Mención de responsabilidad, etc. | edición a cargo de Ramón Yzquierdo Perrín. |
| 260 ## - PUBLICACIÓN, DISTRIBUCIÓN, ETC. | |
| Lugar de publicación, distribución, etc. | A Coruña |
| Nombre del editor, distribuidor, etc. | Fundación Pedro Barrié de la Maza |
| Fecha de publicación, distribución, etc. | [2001] |
| 300 ## - DESCRIPCIÓN FÍSICA | |
| Extensión | 337 p. |
| Otras características físicas | il. (algunas a color) |
| Dimensiones | 27 cm. |
| 600 14 - PUNTO DE ACCESO ADICIONAL DE MATERIA--NOMBRE DE PERSONA | |
| Nombre de persona | Mateo |
| Títulos y otros términos asociados al nombre | Maestro |
| Fechas asociadas al nombre | fl. 1161-1217 |
| Subdivisión de forma | Congresos |
| 9 (RLIN) | 3785 |
| 600 14 - PUNTO DE ACCESO ADICIONAL DE MATERIA--NOMBRE DE PERSONA | |
| Nombre de persona | Mateo |
| Títulos y otros términos asociados al nombre | Maestro |
| Fechas asociadas al nombre | fl. 1161-1217 |
| Subdivisión de forma | Congresos. |
| 9 (RLIN) | 3785 |
| 610 24 - PUNTO DE ACCESO ADICIONAL DE MATERIA--NOMBRE DE ENTIDAD CORPORATIVA | |
| Nombre de entidad corporativa o nombre de jurisdicción como elemento de entrada | Catedral de Santiago de Compostela |
| 9 (RLIN) | 3786 |
| 610 24 - PUNTO DE ACCESO ADICIONAL DE MATERIA--NOMBRE DE ENTIDAD CORPORATIVA | |
| Nombre de entidad corporativa o nombre de jurisdicción como elemento de entrada | Congresos |
| 9 (RLIN) | 3787 |
| 650 14 - PUNTO DE ACCESO ADICIONAL DE MATERIA--TÉRMINO DE MATERIA | |
| Término de materia o nombre geográfico como elemento de entrada | Sillerias de coro |
| Subdivisión de forma | Congresos |
| Subdivisión geográfica | España |
| 9 (RLIN) | 3788 |
| 650 14 - PUNTO DE ACCESO ADICIONAL DE MATERIA--TÉRMINO DE MATERIA | |
| Término de materia o nombre geográfico como elemento de entrada | Talla en madera española |
| Subdivisión de forma | Congresos |
| 9 (RLIN) | 3789 |
| 650 14 - PUNTO DE ACCESO ADICIONAL DE MATERIA--TÉRMINO DE MATERIA | |
| Término de materia o nombre geográfico como elemento de entrada | Sillerias de coro |
| Subdivisión de forma | Congresos |
| Subdivisión geográfica | Conservación y restauración |
| 9 (RLIN) | 3790 |
| 700 1# - PUNTO DE ACCESO ADICIONAL--NOMBRE DE PERSONA | |
| Nombre de persona | Yzquierdo Perrín, Ramón |
| 9 (RLIN) | 3791 |
| 710 2# - PUNTO DE ACCESO ADICIONAL--NOMBRE DE ENTIDAD CORPORATIVA | |
| Nombre de entidad corporativa o nombre de jurisdicción como elemento de entrada | Fundación ´Pedro Barrié de la Maza, Conde de Fenosa´ |
| 9 (RLIN) | 3792 |
| 942 ## - ELEMENTOS DE PUNTO DE ACCESO ADICIONAL (KOHA) | |
| Fuente del sistema de clasificación o colocación | Library of Congress Classification |
| Tipo de ítem Koha | Libros |
| Estado de retiro | Estado de pérdida | Estado dañado | No para préstamo | Localización permanente | Ubicación/localización actual | Fecha de adquisición | Total de préstamos | Signatura topográfica completa | Código de barras | Fecha visto por última vez | Precio válido a partir de | Tipo de ítem Koha |
|---|---|---|---|---|---|---|---|---|---|---|---|---|
| El ejemplar forma parte de la colección y puede ser consultado según las políticas vigentes. | Biblioteca del Museo Franz Mayer (Rogerio Casas-Alatriste) | Biblioteca del Museo Franz Mayer (Rogerio Casas-Alatriste) | 26/06/2008 | NA5075 .C67 2001 | 01671 | 22/03/2019 | 22/03/2019 | Libros |